La ornamentación arquitectónica en la Nueva Granada (Registro nro. 8385)

Detalles MARC
000 -ENCABEZADO
Número de control [NR] 00680nam a2200181Ia 4500
008 - DE LONGITUD FIJA DE DATOS DE ELEMENTOS - INFORMACIÓN GENERAL
Elementos de longitud fija [NR] 130821s1966 ck gr spa
040 ## - FUENTE DE CATALOGACION [NR]
Agencia de catalogación original [NR] Co-BoUCM
Idioma de catalogación [NR] spa
041 ## - CODIGO DE IDIOMA [R]
Código de idioma para texto/pista de sonido o título separado [R] Español
100 ## - ASIENTO PRINCIPAL--NOMBRE PERSONAL [NR]
Nombre personal [NR] Sebastian, Santiago
ID Autoridad 155561
245 #3 - MENCION DE TITULO [NR]
Título [NR] La ornamentación arquitectónica en la Nueva Granada
Mención de responsabilidad, etc. [NR] Santiago Sebastian
260 ## - PUBLICACION, DISTRIBUCION, ETC. (PIE DE IMPRENTA) [R]
Lugar de publicación, distribución, etc. [R] Tunja (Boyacá, Colombia)
Nombre del editor, distribuidor, etc. [R] Casa de la Cultura
Fecha de publicación, distribución, etc. [R] 1966
300 ## - DESCRIPCION FISICA [R]
Extensión [R] 124 páginas
490 ## - MENCION DE SERIE [R]
Mención de serie [R] Divulgación cultural de Boyac , Galeria de autores boyacenses
650 04 - ASIENTO SECUNDARIO DE MATERIA - TERMINO TEMATICO [R]
Término temático o nombre geográfico como elemento de entrada [NR] Arquitectura
Subdivisión general [R] Historia
Subdivisión geográfica [R] Colombia
9 (RLIN) 55682
650 04 - ASIENTO SECUNDARIO DE MATERIA - TERMINO TEMATICO [R]
Término temático o nombre geográfico como elemento de entrada [NR] Decoración y ornamentación
Subdivisión geográfica [R] Colombia
9 (RLIN) 12506
942 ## - ELEMENTOS DE ENTRADA AGREGADOS (KOHA)
Tipo de ítem principal el descrito en 300a Libro
Tema principal Arte
Edición 1
Parte restante de la signatura top. S31
Sistema de clasificación DEWEY
Clasificación 729.5
Existencias
Fecha de último préstamo Total préstamos Signatura topográfica Código de barras Última vez visto Ejemplar Price effective from Tipo de ítem Perdido Sistema de clasificación Dañado No prestable Tipo de ítem específico Suprimido Ubicación habitual Ubicación actual Localización Fecha de creación Forma de adquisición Costo
25/07/2019 4 729.5 S31 100022391 06/12/2025 Ej.1 03/02/2013 Libro   DEWEY     Libro   Claustro Claustro 2do piso 28/02/2003 Donación 400.00